| 000 | 01152cam a2200289 a 4500 | ||
|---|---|---|---|
| 999 |
_c11089 _d11089 |
||
| 001 | 15558609 | ||
| 003 | OSt | ||
| 005 | 20191220100737.0 | ||
| 008 | 081216s2009 caua b 001 0 eng | ||
| 010 | _a 2008052273 | ||
| 020 | _a9788178299266 (pbk.) | ||
| 040 |
_aDLC _coclc _dDLC |
||
| 043 | _aa-ii--- | ||
| 082 | 0 | 0 |
_a307.1412 _222 _bSIN/R |
| 100 |
_aSingh, Katar _9610 |
||
| 245 | 1 | 0 |
_aRural development : _bPrinciples, Policies, And Management / _cKatar Singh |
| 250 | _a3rd ed. | ||
| 260 |
_aThousand Oaks, Calif. : _bSage Publications, _c2009. |
||
| 300 |
_a348 p. : _bill. ; _c24 cm. |
||
| 504 | _aIncludes bibliographical references (p. 329-337) and index. | ||
| 650 | 0 | _aRural development. | |
| 650 | 0 |
_aRural development _zIndia _xCase studies. |
|
| 856 | 4 | 1 |
_3Table of contents only _uhttp://www.loc.gov/catdir/toc/fy0906/2008052273.html |
| 906 |
_a7 _bcbc _corignew _d1 _eecip _f20 _gy-gencatlg |
||
| 942 |
_2ddc _cBK _h307.1412 _iSIN/R _k307.1412 _mSIN/R |
||